Normal view MARC view
  • Cambio social

Entry Materia

Number of records used in: 115

001 - NÚMERO DE CONTROL DEL REGISTRO

  • campo de control: 4887

003 - IDENTIFICADOR DE NUMERO DE CONTROL

  • campo de control: UPN

005 - FECHA Y HORA DE LA ÚLTIMA TRANSACCIÓN

  • campo de control: 20240910160307.0

008 - DATOS DE LONGITUD FIJA

  • campo de control de longitud fija: 230209n||acnnnbabn a ana |d

035 ## - NÚMERO DE CONTROL DEL SISTEMA

  • Número de control del sistema: UPN10000004887

040 ## - FUENTE DE LA CATALOGACIÓN

  • Centro catalogador de origen: MX-MxUPN
  • Lengua de catalogación: spa
  • Agencia de transcripción: MX-MxUPN

046 ## - FECHAS CON CODIFICACIÓN ESPECIAL

  • Fecha final para contenidos agregados: 2022

150 ## - ENCABEZAMIENTO - TEMÁTICO

  • Término de materia o nombre geográfico como elemento inicial: Cambio social

450 ## - VÉASE - MATERIA

  • Encabezamiento temático: Cambio cultural

450 ## - VÉASE - MATERIA

  • Encabezamiento temático: Evolución cultural

450 ## - VÉASE - MATERIA

  • Encabezamiento temático: Cambio socio-cultural

450 0# - VÉASE - MATERIA

  • Encabezamiento temático: Social change

550 ## - VÉASE ADEMÁS - MATERIA

  • Encabezamiento temático o nombre geográfico como elemento de entrada: Evolución social

550 ## - VÉASE ADEMÁS - MATERIA

  • Subcampo de control: g
  • Encabezamiento temático o nombre geográfico como elemento de entrada: Historia social

670 ## - FUENTE EN LA QUE SE LOCALIZARON DATOS

  • Cita de la fuente: DGB UNAM, 9 febrero 2023:
  • Información localizada: (Cambio social)

680 ## - NOTA GENERAL CON DESPLIEGUE PÚBLICO

  • Texto explicativo: Aquí se asientan las obras sobre la teoría de los cambios sociales. Las obras descriptivas generales se asientan bajo
  • Encabezamiento: HISTORIA SOCIAL.
  • Texto explicativo: Las obras descriptivas sobre una región particular se asientan bajo el nombre del lugar con la subdivision
  • Encabezamiento: CONDICIONES SOCIALES

902 ## - CATALOGADOR

  • Catalogador: VOH/200906